| 000 | 00540nam a2200205Ia 4500 | ||
|---|---|---|---|
| 003 | BUBTL | ||
| 008 | 151213s9999 xx 000 0 und d | ||
| 020 | _a0933934068 | ||
| 082 | _a306/ C2721t/ 1981 | ||
| 100 |
_a Casse Pierre _94884 |
||
| 245 |
_aTraining for The Cross-cultural Mind : _cPiere Casse |
||
| 250 | _a2nd Edn | ||
| 260 |
_aU S A _bSetar _cc1981 |
||
| 300 | _a[xxvi]260p. : | ||
| 650 | _aReference | ||
| 700 |
_aPierre Casse _94886 |
||
| 856 |
_k0 _l0 _yDownload |
||
| 942 |
_2ddc _cBK |
||
| 999 |
_c2052 _d2052 |
||